| 000 | 00452 a2200157 4500 | ||
|---|---|---|---|
| 005 | 20250628102200.0 | ||
| 020 | _a978-0-07-13-601016-6 | ||
| 082 | _a658 CER | ||
| 100 | _aCERTO, S. C. | ||
| 245 | _aModern Concepts and Skills Management. | ||
| 250 | _a7th Ed. | ||
| 260 |
_aNew Jersey, _bPrentice Hall, _c2009. |
||
| 300 |
_axxiii, 600p.:ill.; figure, picture, table _bBibliography, Index & Rferences _c28cm |
||
| 700 | _aCERTO, S. T | ||
| 942 |
_2ddc _cBKS |
||
| 999 |
_c5950 _d5950 |
||